Journal of reading

Bibliographic Details
New Title:Journal of adolescent & adult literacy (Online)
Previous Title:Journal of developmental reading
Corporate Author: International Reading Association
Format: Electronic Journal
Language:English
Published: Newark, Del. : International Reading Association, 1964-1995.
Subjects:
Online Access:Full text available from Research Library: 01/01/1989 to 05/31/1995

MARC

LEADER 00000nas a2200000 a 4500
001 ssj0001918
003 WaSeSS
005 20200512172242.0
006 m d
007 cr n
008 751101d19641995deubn pss 0 a0eng c
010 |a  2009236200 
016 7 |a 2066629-9  |2 DE-600 
022 |a 2328-1480  |y 0022-4103 
035 |a (WaSeSS)ssj0001918 
040 |a Nz  |b eng  |c Z5A  |d EYM  |d HLS  |d MYG  |d OCLCQ  |d DLC  |d OCLCO  |d OCLCF  |d OCLCO  |d OCLCQ  |d DEBBG  |d OCLCA  |d GILDS  |d OCLCO  |d CEF  |d OCLCO  |d WaSeSS 
042 |a pcc  |a nsdp 
050 1 4 |a LB1050 
082 0 0 |a 428  |2 23 
130 0 |a Journal of reading (Online) 
222 0 |a Journal of reading  |b (Online) 
245 1 0 |a Journal of reading  |h [electronic resource]. 
260 |a Newark, Del. :  |b International Reading Association,  |c 1964-1995. 
310 |a 8 no. a year,  |b 1966-May 1995 
321 |a Six no. a year,  |b 1964-1965 
362 0 |a Vol. 8, no. 1 (Oct. 1964)-v. 38, no. 8 (May 1995). 
506 |a License restrictions may limit access. 
588 |a Final issue consulted: Vol. 38, no. 8 (May 1995) (JSTOR, viewed June 23, 2010). 
588 |a Description based on: Vol. 8, no. 1 (Oct. 1964); title from cover (JSTOR, viewed June 23, 2010). 
650 0 |a Reading  |v Periodicals. 
650 7 |a Reading.  |2 fast  |0 (OCoLC)fst01090626 
655 0 |a Electronic journals. 
710 2 |a International Reading Association. 
776 0 8 |i Print version:  |t Journal of reading  |x 0022-4103  |w (DLC) 64032293  |w (OCoLC)1754770 
780 0 0 |t Journal of developmental reading  |x 2328-1472  |w (DLC) 2009236201  |w (OCoLC)423820503 
785 0 0 |t Journal of adolescent & adult literacy (Online)  |x 1936-2706  |w (DLC) 2007214266  |w (OCoLC)60620245 
856 4 0 |z Full text available from Research Library: 01/01/1989 to 05/31/1995  |u https://search.proquest.com/publication/42001